Защита информации. Inside: информационно-методический журнал

ग्रंथसूची विवरण
निगमित लेखक: ООО "Издательский Дом "Афина" (570)
भाषा:रूसी
प्रकाशित: Санкт-Петербург, Афина, 2017
विषय:
ऑनलाइन पहुंच:http://elibrary.ru/title_about.asp?id=25917
http://www.inside-zi.ru/
स्वरूप: इलेक्ट्रोनिक सामयिक पत्रिका
KOHA link:https://koha.lib.tpu.ru/cgi-bin/koha/opac-detail.pl?biblionumber=396534

MARC

LEADER 00000nas1a2200000 4500
001 396534
005 20231101064757.0
035 |a (RuTPU)RU\TPU\prd\34784 
035 |a RU\TPU\prd\2550 
090 |a 396534 
100 |a 20050412a20059999k y0rusy50 ca 
101 0 |a rus 
102 |a RU 
110 |a agaz|||0uu0 
200 1 |a Защита информации. Inside  |e информационно-методический журнал  |f ООО "Издательский Дом "Афина" 
210 |a Санкт-Петербург  |d 2017  |c Афина 
469 |0 (RuTPU)RU\TPU\subscr\2524 
510 1 |a Inside  |z eng 
610 1 |a безопасность информации 
610 1 |a информационная безопасность 
610 1 |a криптография 
610 1 |a экономический шпионаж 
610 1 |a криптография 
610 1 |a компьютерные системы 
610 1 |a антивирусная защита 
610 1 |a антивирусная безопасность 
675 |a 004  |v 3 
712 0 2 |a ООО "Издательский Дом "Афина"  |4 570 
801 1 |a RU  |b 63413507  |c 20020326  |g PSBO 
801 2 |a RU  |b 63413507  |c 20210520  |g PSBO 
856 4 0 |u http://elibrary.ru/title_about.asp?id=25917 
856 4 0 |u http://www.inside-zi.ru/ 
942 |c CR 
969 |0 001RU\TPU\subscr\2524